A history of mathematics. An introduction
Bewaard in:
| Hoofdauteur: | |
|---|---|
| Formaat: | Boek |
| Taal: | Engels |
| Gepubliceerd in: |
Boston, USA.
Addison-Wesley,
2009
|
| Editie: | 3rd. edition |
| Onderwerpen: | |
| Online toegang: | Disponible Online |
| Tags: |
Voeg label toe
Geen labels, Wees de eerste die dit record labelt!
|
MARC
| LEADER | 00000nam a2200000 a 4500 | ||
|---|---|---|---|
| 001 | UCI9733 | ||
| 003 | CL-VaPUC | ||
| 005 | 20230718074439.0 | ||
| 008 | 081204e20090000US |||||||||||||||||eng|d | ||
| 999 | |c 332215 |d 332213 | ||
| 020 | |a 0321387007 | ||
| 040 | |c Pontificia Universidad Católica de Valparaíso | ||
| 082 | 0 | 4 | |a 510.9 KAT 2009 |2 21 |
| 100 | |a Katz, Víctor J |e author |9 533649 | ||
| 245 | 1 | 2 | |a A history of mathematics. |b An introduction |
| 250 | |a 3rd. edition | ||
| 260 | |a Boston, USA. |b Addison-Wesley, |c 2009 | ||
| 300 | |a 976 páginas | ||
| 583 | |a last modification |c 20081204 00:00:00 |k Rodrigo Vera | ||
| 650 | 0 | |a Matemática |x Historia |9 260235 | |
| 856 | |u http://bibliografiadigital.pucv.cl.pucv.idm.oclc.org/index.php/bibliotecapucv/catalog/book/828 |y Disponible Online | ||
| 942 | |c BK |2 ddc | ||
| 945 | |d 20081204 00:00:00 |a jtorresc | ||
| 952 | |0 0 |1 0 |2 ddc |4 0 |6 510_900000000000000_KAT_2009 |7 0 |8 A |9 419726 |a BIBMAT |b BIBMAT |d 2019-11-22 |i 4503198 |l 6 |m 2 |o 510.9 KAT 2009 |p 4503198 |r 2025-01-07 |s 2023-10-13 |w 2019-11-22 |y BK |k MAT | ||